As ciências Sociales e os novos desafios da realidade latino-americana no século XXI

محفوظ في:
التفاصيل البيبلوغرافية
مؤلف مشترك: CLACSO
التنسيق: نص
منشور في: Recife: CLACSO
الوسوم: إضافة وسم
لا توجد وسوم, كن أول من يضع وسما على هذه التسجيلة!

MARC

LEADER 00000 a a2200000 04500
001 29974
003
040
090 |a 190600  |b RECURSO ELECTROMAGNETICO  
110 |a CLACSO  
245 |a As ciências Sociales e os novos desafios da realidade latino-americana no século XXI  
260 |a Recife:   |b CLACSO  
999 |c 1033  |d 1033